=LDR 00000nam 2200000 4500 =001 INLIS000000000008535 =005 20130612100405 =008 ***********************************Ind** =035 ##$$0010-061300000008535 =041 ##$$a Ind =082 ##$$a 2x4.17 =090 ##$$a 2x4.17, Mar a =100 ##$$a Mardjoned, Ramlan =245 ##$$a Aqiqah, H Ramlan Mardjoned =260 ##$$a 2002 $b Jakarta =300 ##$$a 71 hlm, 15 cm =650 ##$$a Aqiqah =850 ##$$a NBPNMAT